[Event "Bydgoszcz blind op 43rd"]
[Site "Bydgoszcz"]
[Date "2014.03.22"]
[Round "10.9"]
[White "Sargalski, Andrzej"]
[Black "Bzowski, Grzegorz"]
[Result "1/2-1/2"]
[WhiteElo "1950"]
[BlackElo "1655"]
[PlyCount "68"]
[EventDate "2014.03.13"]
[EventType "swiss"]
[EventRounds "11"]
[EventCountry "POL"]
[SourceTitle "EXT 2023"]
[Source "ChessBase"]
[SourceDate "2022.10.05"]
[SourceVersion "1"]
[SourceVersionDate "2022.10.05"]
[SourceQuality "1"]

1. e4 e6 2. d4 d5 3. Nd2 Nf6 4. e5 Nfd7 5. Ngf3 b6 6. c3 c5 7. Bb5 Ba6 8. Bxa6 Nxa6 9. 0-0 Nab8 10. Re1 Nc6 11. a3 cxd4 12. cxd4 Rc8 13. Qa4 Qc7 14. Nf1 Na5 15. Ne3 Qc6 16. Qxc6 Nxc6 17. Bd2 Be7 18. Rac1 0-0 19. Rc2 Rc7 20. Rec1 Rfc8 21. b4 Bd8 22. Kf1 Ne7 23. Rxc7 Rxc7 24. Rxc7 Bxc7 25. b5 Nb8 26. Bb4 Bd8 27. Bd6 Nd7 28. Nc2 Kf8 29. Nb4 Ke8 30. Nc6 Nc8 31. Bb4 h6 32. h4 Bc7 33. g4 Nb8 34. Nxb8 Bxb8 1/2-1/2

[Event "Grunwald Cup 37 blind"]
[Site "Dadaj"]
[Date "2012.09.17"]
[Round "2"]
[White "Hilton, Stephen H"]
[Black "Bzowski, Grzegorz"]
[Result "1-0"]
[WhiteElo "1912"]
[BlackElo "1685"]
[PlyCount "59"]
[EventDate "2012.09.16"]
[EventType "swiss"]
[EventRounds "9"]
[EventCountry "POL"]
[SourceTitle "CBM 150 Extra"]
[Source "ChessBase"]
[SourceDate "2012.10.19"]
[SourceVersion "1"]
[SourceVersionDate "2012.10.19"]
[SourceQuality "1"]

1. Nf3 e6 2. d4 d5 3. c4 Nf6 4. Nc3 c6 5. cxd5 exd5 6. Bg5 Be7 7. Qc2 Nbd7 8. e3 0-0 9. Bd3 Re8 10. 0-0 Nf8 11. Bxf6 Bxf6 12. b4 a6 13. a4 Bg4 14. Nd2 Qd7 15. Nb3 Be7 16. Nc5 Qc7 17. a5 Bd6 18. h3 Bc8 19. N3a4 Be7 20. Nb6 Ra7 21. Bf5 Bxf5 22. Qxf5 Bd8 23. Rac1 Qd6 24. Nc8 Qb8 25. Nxa7 Qxa7 26. Qc8 Ng6 27. Nxb7 Ne7 28. Qd7 Rf8 29. Nc5 Bc7 30. Kh1 1-0

[Event "Krynica Cross-ch sf"]
[Site "Krynica"]
[Date "2012.03.??"]
[Round "3"]
[White "Bzowski, Grzegorz"]
[Black "Staruch, Roman"]
[Result "1/2-1/2"]
[WhiteElo "1658"]
[BlackElo "1937"]
[PlyCount "22"]
[EventDate "2012.03.??"]
[EventType "swiss"]
[EventRounds "9"]
[EventCountry "POL"]
[SourceTitle "EXT 2014"]
[Source "ChessBase"]
[SourceDate "2013.11.20"]
[SourceVersion "1"]
[SourceVersionDate "2013.11.20"]
[SourceQuality "1"]

1. d4 Nf6 2. c4 e5 3. d5 Bc5 4. e3 0-0 5. Be2 c6 6. Nc3 cxd5 7. Nxd5 Nc6 8. Nf3 d6 9. 0-0 Bg4 10. Nxf6+ Qxf6 11. Nd4 h5 1/2-1/2

[Event "Rewal op-B 16th"]
[Site "Rewal"]
[Date "2011.08.24"]
[Round "5"]
[White "Bzowski, Grzegorz"]
[Black "Budnik, Kazimierz"]
[Result "1-0"]
[WhiteElo "1717"]
[BlackElo "1567"]
[PlyCount "68"]
[EventDate "2011.08.18"]
[EventType "swiss"]
[EventRounds "9"]
[EventCountry "POL"]
[SourceTitle "CBM 144 Extra"]
[Source "ChessBase"]
[SourceDate "2011.10.28"]
[SourceVersion "1"]
[SourceVersionDate "2011.10.28"]
[SourceQuality "1"]

1. g3 Nf6 2. Bg2 e6 3. Nf3 Be7 4. 0-0 0-0 5. d3 d5 6. Bf4 Nh5 7. Be3 c5 8. c3 Nc6 9. Qc2 d4 10. cxd4 cxd4 11. Bc1 Bd7 12. b3 Rc8 13. Bb2 Nb4 14. Qd1 Nc2 15. Nbd2 Nxa1 16. Qxa1 Bf6 17. Nxd4 e5 18. N4f3 Bc6 19. Ne4 Bxe4 20. dxe4 Re8 21. e3 g6 22. Nxe5 Bxe5 23. Bxe5 f6 24. Bd4 Rc2 25. g4 Ng7 26. Bxf6 Qc7 27. e5 Ne6 28. Bd5 Qa5 29. Qd4 h6 30. Bxe6+ Rxe6 31. Qd7 Rc7 32. Qxe6+ Kh7 33. Bd8 Qa6 34. Qxa6 Rd7 1-0

[Event "Ramsowo Grunwald Cup 25th"]
[Site "Ramsowo"]
[Date "2010.09.28"]
[Round "8"]
[White "Czajkowski, Adam"]
[Black "Bzowski, Grzegorz"]
[Result "1-0"]
[WhiteElo "1781"]
[BlackElo "1692"]
[PlyCount "115"]
[EventDate "2010.09.24"]
[EventType "swiss"]
[EventRounds "9"]
[EventCountry "POL"]
[SourceTitle "EXT 2011"]
[Source "ChessBase"]
[SourceDate "2010.11.26"]
[SourceVersion "1"]
[SourceVersionDate "2010.11.26"]
[SourceQuality "1"]

1. e4 g6 2. Nc3 Bg7 3. g3 d6 4. Bg2 Nf6 5. Nge2 0-0 6. d4 Nbd7 7. h3 Rb8 8. a4 a5 9. Be3 Nb6 10. Qd3 c6 11. f4 Be6 12. b3 d5 13. e5 Nfd7 14. g4 f5 15. Bf3 Qc7 16. Kf2 c5 17. Rag1 c4 18. Qd2 Kf7 19. Nb5 Qc6 20. Qxa5 cxb3 21. cxb3 Qc2 22. Qc3 Rfc8 23. Qxc2 Rxc2 24. Rc1 Rbc8 25. Rxc2 Rxc2 26. Rc1 Rb2 27. Rc3 Nb8 28. Bc1 Rb1 29. Ke1 Nc6 30. Kd2 Nb4 31. Ba3 Na2 32. Rc2 Rf1 33. Ke3 Ra1 34. Nc1 Nxc1 35. Bxc1 Bd7 36. Na3 Bc6 37. Kd3 Bf8 38. gxf5 gxf5 39. Bh5+ Kg8 40. e6 Bg7 41. Bf7+ Kf8 42. a5 Na8 43. b4 Nc7 44. Ke3 Bf6 45. Rg2 Bg7 46. Rc2 Bf6 47. Rc3 Ra2 48. a6 Rxa3 49. Bxa3 Bxd4+ 50. Kxd4 Nb5+ 51. Kd3 Nxc3 52. Kxc3 bxa6 53. Kd4 Kg7 54. b5 Bxb5 55. Bxe7 Bc4 56. Ke5 a5 57. Kxf5 a4 58. Ke5 1-0

[Event "Ramsowo Grunwald Cup 25th"]
[Site "Ramsowo"]
[Date "2010.09.24"]
[Round "2"]
[White "Dziobek, Jerzy"]
[Black "Bzowski, Grzegorz"]
[Result "0-1"]
[WhiteElo "1848"]
[BlackElo "1692"]
[PlyCount "56"]
[EventDate "2010.09.24"]
[EventType "swiss"]
[EventRounds "9"]
[EventCountry "POL"]
[SourceTitle "EXT 2011"]
[Source "ChessBase"]
[SourceDate "2010.11.26"]
[SourceVersion "1"]
[SourceVersionDate "2010.11.26"]
[SourceQuality "1"]

1. d4 g6 2. e4 Bg7 3. Nf3 d6 4. Bg5 Nd7 5. c3 Ngf6 6. Nbd2 0-0 7. Bc4 e5 8. 0-0 Qe7 9. Re1 Nb6 10. Bb3 a5 11. Rc1 Be6 12. d5 Bd7 13. c4 Qe8 14. Be3 Na4 15. Bxa4 Bxa4 16. b3 Bd7 17. c5 Ng4 18. cxd6 Nxe3 19. Rxe3 cxd6 20. Rec3 b5 21. Ng5 Bf6 22. Rg3 Rc8 23. Rxc8 Qxc8 24. h4 h5 25. Qf3 Bg7 26. Qc3 Qxc3 27. Rxc3 Rc8 28. Rxc8+ Bxc8 0-1

[Event "POL-ch sf blind"]
[Site "Zawoja Osrodek"]
[Date "2010.04.16"]
[Round "9.13"]
[White "Bzowski, Grzegorz"]
[Black "Perszewska, Krystyna"]
[Result "1-0"]
[WhiteElo "1666"]
[BlackElo "1548"]
[PlyCount "65"]
[EventDate "2010.04.08"]
[EventType "swiss"]
[EventRounds "9"]
[EventCountry "POL"]
[SourceTitle "EXT 2023"]
[Source "ChessBase"]
[SourceDate "2022.10.05"]
[SourceVersion "1"]
[SourceVersionDate "2022.10.05"]
[SourceQuality "1"]

1. e4 e6 2. d4 d5 3. e5 c5 4. c3 a6 5. Nf3 Nd7 6. Be2 cxd4 7. cxd4 Bb4+ 8. Nbd2 Ne7 9. 0-0 0-0 10. a3 Ba5 11. b4 Bb6 12. Nb3 h6 13. Qc2 Ng6 14. Bd3 Qe8 15. Bb2 Bd8 16. Nbd2 Nb6 17. Rae1 Bd7 18. g3 Rc8 19. Qb1 Nc4 20. Re2 Nxd2 21. Rxd2 f5 22. Rc2 Be7 23. Bc1 Rxc2 24. Qxc2 Ba4 25. Qc7 Bc6 26. Bb2 Bd8 27. Qd6 Be7 28. Qxe6+ Qf7 29. Qxf7+ Rxf7 30. Rc1 Rf8 31. Bxa6 bxa6 32. Rxc6 Ra8 33. Bc1 1-0

[Event "POL-ch sf blind"]
[Site "Zawoja Osrodek"]
[Date "2010.04.12"]
[Round "4.10"]
[White "Bzowski, Grzegorz"]
[Black "Cebula, Jozef"]
[Result "0-1"]
[WhiteElo "1666"]
[BlackElo "1954"]
[PlyCount "74"]
[EventDate "2010.04.08"]
[EventType "swiss"]
[EventRounds "9"]
[EventCountry "POL"]
[SourceTitle "EXT 2023"]
[Source "ChessBase"]
[SourceDate "2022.10.05"]
[SourceVersion "1"]
[SourceVersionDate "2022.10.05"]
[SourceQuality "1"]

1. e4 c5 2. Nf3 Nc6 3. d4 cxd4 4. Nxd4 Nf6 5. Nc3 a6 6. Be2 e6 7. Be3 d5 8. exd5 Nxd5 9. Nxd5 Qxd5 10. 0-0 Ne5 11. Qd2 Be7 12. Rad1 Nc4 13. Bxc4 Qxc4 14. b3 Qc7 15. Bf4 e5 16. Bg3 0-0 17. Qe2 f6 18. Nf3 Bf5 19. Nd4 Bc8 20. Nf3 Qc5 21. Qe4 Kh8 22. Rd5 Qa3 23. Nxe5 fxe5 24. Bxe5 Qb4 25. Rd4 Qb6 26. Bxg7+ Kxg7 27. Qxe7+ Rf7 28. Qe3 Qf6 29. g4 Bd7 30. g5 Qf5 31. Rfd1 Bc6 32. Rd6 Qg4+ 33. Kf1 Qg2+ 34. Ke2 Re8 35. Re6 Rxf2+ 36. Kd3 Rf3 37. Rxe8 Bxe8 0-1

[Event "POL-ch sf blind"]
[Site "Zawoja Osrodek"]
[Date "2010.04.10"]
[Round "2.6"]
[White "Bzowski, Grzegorz"]
[Black "Kulpinski, Piotr"]
[Result "0-1"]
[WhiteElo "1666"]
[BlackElo "2019"]
[PlyCount "125"]
[EventDate "2010.04.08"]
[EventType "swiss"]
[EventRounds "9"]
[EventCountry "POL"]
[SourceTitle "EXT 2023"]
[Source "ChessBase"]
[SourceDate "2022.10.05"]
[SourceVersion "1"]
[SourceVersionDate "2022.10.05"]
[SourceQuality "1"]

1. g3 d5 2. Bg2 Nf6 3. Nf3 c6 4. d3 Bg4 5. 0-0 Nbd7 6. Nc3 e6 7. Re1 Be7 8. e4 Ne5 9. exd5 Nxf3+ 10. Bxf3 Bxf3 11. Qxf3 cxd5 12. Bg5 0-0 13. Ne2 Rc8 14. c3 b5 15. Be3 Qc7 16. Rec1 Qb8 17. Rc2 Nd7 18. Rac1 Ne5 19. Qf4 Nxd3 20. Qxb8 Rxb8 21. Rd1 Ne5 22. Bxa7 Ra8 23. Bd4 Nf3+ 24. Kg2 Nxd4 25. Nxd4 Rxa2 26. Rdd2 Rb8 27. Nc6 Rb7 28. Nxe7+ Rxe7 29. Rd4 Kf8 30. f4 Rb7 31. Kf3 Ke7 32. Rcd2 Ra4 33. Ke3 Rxd4 34. Rxd4 Kd6 35. Rb4 f6 36. Rb3 e5 37. Ra3 b4 38. Ra6+ Kc5 39. fxe5 bxc3 40. bxc3 fxe5 41. Re6 e4 42. Re8 Rf7 43. Rc8+ Kd6 44. Kd4 Rf3 45. Rd8+ Ke6 46. Re8+ Kd7 47. Re5 Rd3+ 48. Kc5 g6 49. g4 h6 50. c4 dxc4 51. Kxc4 Rh3 52. Rxe4 Rxh2 53. Kd5 Ra2 54. Ke5 Ke7 55. Kf4+ Kf6 56. Kg3 Ra3+ 57. Kg2 Kg5 58. Kf2 Rh3 59. Re6 Rb3 60. Rc6 Rb4 61. Kf3 Rf4+ 62. Kg3 Rxg4+ 63. Kh3 0-1